00509nam a2200169Ia 450000500170000000800410001702000150005808200130007310000160008624500320010226000430013430000130017750000310019094200060022195200970022799900150032420250411013356.0240331s9999 xx 000 0 und d a9559564633 bHORa323 aHoreshash,A 0aGini avi saha gini keli 2-3 aColombobPublished by the authorc1995 a102 p ., aStory About Weapon and War cL 001040708LaWERCLbWERCLcSSCd2024-03-31l0o 323.4 HORp3837r2024-03-31w2024-03-31yL c2359d2359